Normal view MARC view

Entry Nombre personal

Number of records used in: 6

001 - NÚMERO DE CONTROL

  • campo de control: 118508

003 - IDENTIFICADOR DE NÚMERO DE CONTROL

  • campo de control: SpMaBN

005 - FECHA Y HORA DE LA ÚLTIMA TRANSACCIÓN

  • campo de control: 20231212194358.0

008 - ELEMENTOS DE DATO DE LONGITUD-FIJA

  • campo de control de longitud fija: 921009n| azznnaabn |a aaa

016 ## - NÚMERO DE CONTROL DE UNA AGENCIA BIBLIOGRÁFICA NACIONAL

  • Número de control del registro: BNE19925818620

024 7# - IDENTIFICADOR DE OTROS ESTÁNDARES

  • Número estándar o código: https://isni.org/isni/0000000059446673
  • Fuente: isni

024 7# - IDENTIFICADOR DE OTROS ESTÁNDARES

  • Número estándar o código: http://viaf.org/viaf/56911484/
  • Fuente: viaf

040 ## - FUENTE DE CATALOGACIÓN

  • Centro catalogador/agencia de origen: SpMaBN
  • Lengua de catalogación: spa
  • Centro/agencia transcriptor: SpMaBN
  • Normas de descripción: rdc
  • Convención/Normas de encabezamiento de materia/tesauro: embne

100 1# - ENCABEZAMIENTO-NOMBRE DE PERSONA

  • Nombre de persona: Zunzunegui, Fernando

372 ## - CAMPO DE ACTIVIDAD

  • Campo de actividad: Derecho bancario
  • Campo de actividad: Derecho de sociedades
  • Campo de actividad: Derecho mercantil
  • Campo de actividad: Mercado financiero--Derecho
  • Fuente del término: embne

373 ## - GRUPO ASOCIADO

  • Grupo asociado: Universidad Carlos III de Madrid
  • Fuente del término: abne

373 ## - GRUPO ASOCIADO

  • Grupo asociado: Ateneo de Madrid
  • Fuente de información: Olmos, Víctor. Ágora de la libertad: historia del Ateneo de Madrid (2018-2019)

374 ## - OCUPACIÓN

  • Ocupación: Abogados
  • Ocupación: Profesores universitarios
  • Fuente del término: embne

375 ## - GÉNERO/SEXO

  • Género: Masculino

377 ## - IDIOMA ASOCIADO

  • Término de lengua/lenguaje: Español

400 1# - TRAZADO DE VÉASE--NOMBRE DE PERSONA

  • Nombre de persona: Zunzunegui Pastor, Fernando

670 ## - FUENTE DE DATOS ENCONTRADOS

  • Cita de la fuente: Ordenación bancaria, 1992
  • Información encontrada: portada (Fernando Zunzunegui)

670 ## - FUENTE DE DATOS ENCONTRADOS

  • Cita de la fuente: GPS Derecho de sociedades
  • Información encontrada: portada (..., Fernando Zunzunegui, abogado, doctor en Derecho, profesor asociado de Derecho mercantil, Universidad Carlos III de Madrid)

670 ## - FUENTE DE DATOS ENCONTRADOS

  • Cita de la fuente: WWW Agencia Española del ISBN, 14-2-2012
  • Información encontrada: (Zunzunegui Pastor, Fernando)

678 ## - DATOS BIOGRÁFICOS O HISTÓRICOS

  • Datos biográficos o históricos: Socio del Ateneo de Madrid. Contador del Ateneo en 1984-86
  • Ampliación de la nota: Fuentes: Censo mensual de socios 2023; Olmos, Víctor. Ágora de la libertad: historia del Ateneo de Madrid (2018-2019)

856 4# - LOCALIZACIÓN Y ACCESO ELECTRÓNICOS

  • Identificador Uniforme de Recursos: http://dialnet.unirioja.es/servlet/autorExterno/BNE/1725188